Score 0/14 Timer 04:00
0 Plays Today
Hometown M*A*S*H Character % Correct
Crabapple Cove, MaineCaptain Benjamin 'Hawkeye' Pierce
90.4%
Boston, MassachusettsCaptain 'Trapper' John McIntyre & Major Charles Winchester III
90.4%
Army BasesMajor Margaret 'Hot Lips' Houlihan
86.6%
Ottumwa, IowaCorporal Walter 'Radar' O'Reilly
86%
Bloomington, IllinoisColonel Henry Blake
84.7%
Toledo, OhioCorporal Maxwell Q. Klinger
84.4%
Mill Valley, CaliforniaCaptain B.J. Hunnicut
78%
Hometown M*A*S*H Character % Correct
Hannibal, MissouriColonel Sherman Potter
77.7%
Fort Wayne, IndianaMajor Frank Burns
71.7%
Honolulu, HawaiiNurse Kellye Yamato/Nakahara
53.7%
Baton Rouge, LouisianaSergeant Luther Rizzo
41.9%
Philadelphia, PennsylvaniaFather Francis Mulcahy
34.9%
Brooklyn, New YorkSergeant Zelmo Zale
28.2%
Chicago, IllinoisCaptain Oliver 'Spearchucker' Jones
13.2%

You're not logged in!

Compare scores with friends on all Sporcle quizzes.
OR
Log In

Sporcle TV

Today on Sporcle TV


Watch our educational content, quiz creation guides, and fun videos on Sporcle TV.

Show Comments

Extras

Created Oct 21, 2013SourceReportNominate
Tags:hometown, mash

Top Quizzes Today


Score Distribution

Paid Content

Your Account Isn't Verified!

In order to create a playlist on Sporcle, you need to verify the email address you used during registration. Go to your Sporcle Settings to finish the process.

Report this User

Report this user for behavior that violates our Community Guidelines.

Details: